[Event "3rd NH"]
[Site "Amsterdam NED"]
[Date "2008.08.20"]
[Round "1"]
[White "Korchnoi, V."]
[Black "Stellwagen, D."]
[Result "0-1"]
[WhiteElo "2602"]
[BlackElo "2616"]
[PlyCount "77"]
[EventDate "2008.08.20"]

1. d4 d5 2. c4 c6 3. Nf3 Nf6 4. Nc3 e6 5. Bg5 dxc4 6. e4 b5 7. e5 h6 8. Bh4 g5
9. Nxg5 hxg5 10. Bxg5 Nbd7 11. exf6 Bb7 12. g3 Qb6 13. Bg2 O-O-O 14. O-O Bh6
15. Bxh6 Rxh6 16. a4 Nxf6 17. a5 Qxd4 18. a6 Ba8 19. Nxb5 cxb5 20. Bxa8 Qxd1
21. Rfxd1 Rxd1+ 22. Rxd1 Kc7 23. h4 Nd7 24. Bf3 Nc5 25. h5 Nxa6 26. Ra1 Kb6 27.
Rd1 f5 28. Rd6+ Ka5 29. Rd7 Nc5 30. Rxa7+ Kb4 31. Rg7 Kb3 32. g4 fxg4 33. Bd1+
Kb4 34. Bxg4 Nd3 35. Rg6 Rh8 36. Rxe6 Nxb2 37. Kf1 c3 38. Ke2 Rd8 39. Rc6 0-1

[Event "3rd NH"]
[Site "Amsterdam NED"]
[Date "2008.08.21"]
[Round "2"]
[White "L'Ami, E."]
[Black "Ljubojevic, L."]
[Result "1/2-1/2"]
[WhiteElo "2610"]
[BlackElo "2555"]
[PlyCount "77"]
[EventDate "2008.08.20"]

1. d4 Nf6 2. c4 e6 3. Nc3 Bb4 4. Qc2 O-O 5. a3 Bxc3+ 6. Qxc3 b6 7. Bg5 Bb7 8.
e3 d6 9. Ne2 Nbd7 10. Qc2 c5 11. Rd1 Qc7 12. Nc3 cxd4 13. Rxd4 a6 14. Qd1 d5
15. cxd5 Nxd5 16. Nxd5 Bxd5 17. e4 Bc6 18. Be2 Nc5 19. f3 e5 20. Rc4 Qb7 21.
O-O Bb5 22. Rc3 Bxe2 23. Qxe2 Ne6 24. Be3 Rac8 25. Rxc8 Rxc8 26. Rd1 b5 27. h3
h6 28. Rd5 Nf4 29. Bxf4 exf4 30. Qd2 Qb6+ 31. Kh2 Qe3 32. Rd8+ Rxd8 33. Qxd8+
Kh7 34. Qd6 Qf2 35. Qxf4 Qxb2 36. Qxf7 Qe5+ 37. Kg1 Qd4+ 38. Kh1 Qa1+ 39. Kh2
1/2-1/2

[Event "3rd NH"]
[Site "Amsterdam NED"]
[Date "2008.08.21"]
[Round "2"]
[White "Cheparinov, I."]
[Black "Jussupow, Ar"]
[Result "1-0"]
[WhiteElo "2687"]
[BlackElo "2587"]
[PlyCount "55"]
[EventDate "2008.08.20"]

1. e4 e5 2. Nf3 Nc6 3. Bb5 a6 4. Ba4 Nf6 5. O-O Nxe4 6. d4 b5 7. Bb3 d5 8. dxe5
Be6 9. Nbd2 Nc5 10. c3 Be7 11. Bc2 d4 12. Nb3 d3 13. Bb1 Nxb3 14. axb3 Bf5 15.
Be3 O-O 16. Re1 Qd5 17. b4 a5 18. bxa5 Rxa5 19. Rxa5 Nxa5 20. Nd4 Bg6 21. Bxd3
Rd8 22. Bxg6 hxg6 23. Qe2 b4 24. e6 fxe6 25. Bf4 Bf6 26. Bxc7 Re8 27. Bxa5 Qxa5
28. Nc6 1-0

[Event "3rd NH"]
[Site "Amsterdam NED"]
[Date "2008.08.21"]
[Round "2"]
[White "Caruana, F."]
[Black "Korchnoi, V."]
[Result "1-0"]
[WhiteElo "2630"]
[BlackElo "2602"]
[PlyCount "125"]
[EventDate "2008.08.20"]

1. e4 e5 2. Nf3 Nc6 3. Bb5 a6 4. Ba4 Nf6 5. O-O Nxe4 6. d4 b5 7. Bb3 d5 8. dxe5
Be6 9. Be3 Be7 10. c3 O-O 11. Nbd2 Re8 12. Nd4 Nxd4 13. cxd4 Nxd2 14. Qxd2 Qd7
15. Rac1 Rac8 16. f4 c6 17. Bc2 f5 18. b4 Ra8 19. a4 a5 20. bxa5 b4 21. Bb3
Rxa5 22. Rc2 Rb8 23. Rfc1 Rb6 24. Bf2 Qe8 25. Qe1 Kh8 26. Kh1 Bf8 27. Rd1 Rb8
28. Rd3 Rc8 29. h3 h6 30. Be3 Rb8 31. Kh2 Bc8 32. Rd1 Ba6 33. Rdc1 Bc4 34. Rxc4
dxc4 35. Rxc4 Rd8 36. Qb1 g6 37. Qd3 Ra7 38. Rc2 Rg7 39. Qc4 g5 40. Qxc6 Qxc6
41. Rxc6 gxf4 42. Bxf4 Rxd4 43. Bxh6 Rc7 44. Rxc7 Bxh6 45. Rc4 Bf4+ 46. Kg1
Be3+ 47. Kh1 Rd2 48. Rxb4 f4 49. e6 Rb2 50. h4 Bc5 51. Rb8+ Kg7 52. Rb7+ Kh6
53. Bd5 Re2 54. Kh2 Re5 55. Rd7 Kh5 56. Kh3 Re1 57. Bf3+ Kg6 58. Kg4 Rxe6 59.
Rc7 Bd6 60. Rc6 Kg7 61. h5 Kf8 62. a5 Ke7 63. a6 1-0

[Event "3rd NH"]
[Site "Amsterdam NED"]
[Date "2008.08.21"]
[Round "2"]
[White "Stellwagen, D."]
[Black "Bareev, E."]
[Result "1-0"]
[WhiteElo "2616"]
[BlackElo "2655"]
[PlyCount "85"]
[EventDate "2008.08.20"]

1. e4 c6 2. d4 d5 3. Nc3 dxe4 4. Nxe4 Bf5 5. Ng3 Bg6 6. h4 h6 7. Nf3 Nd7 8. h5
Bh7 9. Bd3 Bxd3 10. Qxd3 e6 11. Bd2 Ngf6 12. O-O-O Qc7 13. Ne4 O-O-O 14. g3
Nxe4 15. Qxe4 Nf6 16. Qe2 Rd5 17. c4 Rxh5 18. Bf4 Qd8 19. Rhe1 Bb4 20. Ne5 Qe7
21. Rg1 g5 22. g4 Rh3 23. Qf1 Ra3 24. bxa3 Bxa3+ 25. Kc2 gxf4 26. Rd3 Bd6 27.
Qc1 h5 28. gxh5 Rxh5 29. Qxf4 c5 30. Rg5 Rxg5 31. Qxg5 cxd4 32. f4 Bc7 33. Rh3
Bd8 34. Rh8 Kc7 35. Nxf7 Qxf7 36. Qc5+ Kd7 37. Qxd4+ Nd5 38. cxd5 exd5 39. Qd3
Bf6 40. Qf5+ Kd6 41. Rh6 Ke7 42. Rh7 Bg7 43. Qg5+ 1-0

[Event "3rd NH"]
[Site "Amsterdam NED"]
[Date "2008.08.23"]
[Round "4"]
[White "Stellwagen, D."]
[Black "Agdestein, S."]
[Result "1/2-1/2"]
[WhiteElo "2616"]
[BlackElo "2583"]
[PlyCount "83"]
[EventDate "2008.08.20"]

1. e4 e5 2. Nf3 Nc6 3. Bb5 a6 4. Ba4 Nf6 5. O-O Be7 6. Re1 b5 7. Bb3 d6 8. c3
O-O 9. h3 Na5 10. Bc2 c5 11. d4 Qc7 12. Nbd2 cxd4 13. cxd4 Bd7 14. Nf1 Rac8 15.
Ne3 Nc6 16. d5 Nb4 17. Bb1 a5 18. a3 Na6 19. b4 g6 20. Bd2 Nh5 21. Kh2 Kh8 22.
Rg1 axb4 23. axb4 Qb7 24. g4 Nf4 25. Ng2 Nxg2 26. Rxg2 f6 27. Ra3 Ra8 28. Ng1
Nb8 29. Rag3 Be8 30. Ne2 Nd7 31. f4 Nb6 32. Bd3 Nc4 33. Bxc4 bxc4 34. h4 Ra2
35. Bc3 Qa7 36. Rf3 Kg8 37. Qf1 Qc7 38. Qb1 Ra3 39. Rgf2 Bd7 40. Qg1 Qc8 41.
Rg3 Ra2 42. f5 1/2-1/2

[Event "3rd NH"]
[Site "Amsterdam NED"]
[Date "2008.08.23"]
[Round "4"]
[White "L'Ami, E."]
[Black "Jussupow, Ar"]
[Result "1-0"]
[WhiteElo "2610"]
[BlackElo "2587"]
[PlyCount "81"]
[EventDate "2008.08.20"]

1. d4 Nf6 2. c4 e6 3. Nc3 d5 4. Bg5 Be7 5. e3 O-O 6. Nf3 h6 7. Bh4 Ne4 8. Bxe7
Qxe7 9. Rc1 c6 10. Be2 Nd7 11. O-O Nxc3 12. Rxc3 dxc4 13. Bxc4 b6 14. Bd3 c5
15. Be4 Rb8 16. Qc2 a5 17. Rd1 Ba6 18. Bc6 cxd4 19. Nxd4 Nc5 20. a3 Qf6 21. Bf3
a4 22. Nc6 Ra8 23. Rd6 Bb7 24. Rc4 Rfc8 25. Rf4 Rxc6 26. Bxc6 Qe7 27. Bxb7 Qxb7
28. Rb4 Rc8 29. Rbxb6 Qa8 30. h3 Nb7 31. Rdc6 Rd8 32. Rc7 Na5 33. Qxa4 Rd2 34.
Rbc6 Kh7 35. Rc5 Qd8 36. Qxa5 Rd1+ 37. Kh2 Qd6+ 38. f4 Qd3 39. Rc1 Rd2 40. Qc3
Qe2 41. Rg1 1-0

[Event "3rd NH"]
[Site "Amsterdam NED"]
[Date "2008.08.24"]
[Round "5"]
[White "Ljubojevic, L."]
[Black "Cheparinov, I."]
[Result "0-1"]
[WhiteElo "2555"]
[BlackElo "2687"]
[PlyCount "80"]
[EventDate "2008.08.20"]

1. d4 Nf6 2. c4 g6 3. g3 Bg7 4. Bg2 d5 5. cxd5 Nxd5 6. Nf3 O-O 7. O-O Nb6 8.
Nc3 Nc6 9. d5 Na5 10. Qc2 c6 11. dxc6 Nxc6 12. Rd1 Qe8 13. Bf4 e5 14. Be3 Bf5
15. Qc1 Qe7 16. Nd5 Nxd5 17. Bc5 Qd7 18. Bxf8 Rxf8 19. Qc5 Rd8 20. e4 Bxe4 21.
Nxe5 Qf5 22. Nxc6 bxc6 23. Bxe4 Qxe4 24. Qxc6 Bd4 25. Rac1 Bb6 26. Rd2 Kg7 27.
a3 h5 28. Qc2 Qf3 29. Qd1 Qf5 30. Qc2 Qf6 31. Rd3 h4 32. Rcd1 Qf5 33. Qe2 h3
34. Qf3 Qxf3 35. Rxf3 Rc8 36. Kf1 Nf6 37. Ke2 Ng4 38. Rf4 Re8+ 39. Kd2 Nxf2 40.
Rf1 Be3+ 0-1